| 000 | 00000cam 2200000zi 4500 |
| 001 | 9.962066 |
| 003 | CaOODSP |
| 005 | 20260514081845 |
| 006 | m o d f |
| 007 | cr cn |||||||| |
| 008 | 260421t20262026onca os f000 0 fre d |
| 020 | |a9780660996462 |
| 040 | |aCaOODSP|bfre|erda|cCaOODSP |
| 043 | |an-cn--- |
| 086 | 1 |aCR22-140/2026F-PDF |
| 245 | 00|aChaires de recherche et Leaders émergents Impact+ Canada : |bstatistiques sur les demandes de la 1re cohorte. |
| 246 | 3 |aChaires de recherche et Leaders émergents Impact plus Canada |
| 264 | 1|a[Ottawa] : |bConseil de recherches en sciences humaines du Canada = Social Sciences and Humanities Research Council of Canada, |c[2026] |
| 264 | 4|c©2026 |
| 300 | |a1 ressource en ligne ([1] page) : |billustrations |
| 336 | |atexte|btxt|2rdacontent/fre |
| 337 | |ainformatique|bc|2rdamedia/fre |
| 338 | |aressource en ligne|bcr|2rdacarrier/fre |
| 500 | |aPublié aussi en anglais sous le titre : Canada Impact+ Research Chairs and Canada Impact+ Emerging Leaders : intake 1 application statistics. |
| 650 | 6|aRecherche|zCanada|vStatistiques. |
| 655 | 7|aInfographies|2rvmgf |
| 655 | 7|aStatistiques|2rvmgf |
| 710 | 2 |aConseil de recherches en sciences humaines du Canada, |eorganisme de publication. |
| 775 | 08|tCanada Impact+ Research Chairs and Canada Impact+ Emerging Leaders : |w(CaOODSP)9.962067 |
| 856 | 40|qPDF|s3.32 Mo|uhttps://publications.gc.ca/collections/collection_2026/crsh-sshrc/CR22-140-2026-fra.pdf |
| 856 | 4 |qHTML|sS.O.|uhttps://canada-preview.adobecqms.net/content/canadasite/fr/chaires-impact-plus/a-propos/publications/2026/statistiques-premiere-cohorte-infographie.html |